[Event "Challenge"]
[Site "http://www.queenalice.com/game.php?id=657091"]
[Date "2009.9.24"]
[Round "-"]
[White "ydlok"]
[Black "marcosoda"]
[Result "1-0"]
[WhiteElo "1253"]
[BlackElo "1100"]

1. e4 e5 2. Bc4 Qf6 3. Qf3 Nc6 4. c3 Na5 5. Bb3 d6 6. d4 exd4 7. cxd4 Qg6 8. h4
Bg4 9. Qf4 O-O-O 10. f3 Be6 11. d5 Qxg2 12. dxe6 Qxh1 13. Qg4 Nf6 14. Qf5 b6 15.
e7+ Nd7 16. exd8=Q+ Kxd8 17. Qg5+ Be7 18. Qxg7 Bxh4+ 19. Ke2 Qh2+ 20. Ke3 Bf2+
21. Kd2 Qf4+ 22. Kd1 Qf6 23. Bg5 Bxg1 24. Qxh8+ Ke7 25. Bxf6+ Nxf6 26. Qc8 1-0

[Event "Challenge"]
[Site "http://www.queenalice.com/game.php?id=658091"]
[Date "2009.9.26"]
[Round "-"]
[White "marcosoda"]
[Black "ydlok"]
[Result "1-0"]
[WhiteElo "1018"]
[BlackElo "1272"]

1. d4 Nc6 2. Bf4 d6 3. Qd2 e5 4. dxe5 dxe5 5. Qxd8+ Kxd8 6. Be3 Nb4 7. Na3 f6 8.
c3 Nd5 9. Rd1 c6 10. c4 Bb4+ 11. Bd2 Ke8 12. cxd5 Bc5 13. dxc6 bxc6 14. e3 Rb8
15. Nc4 Be6 16. Rc1 Bd6 17. Nxd6+ Ke7 18. Nc4 Nh6 19. Na5 Rxb2 20. Nxc6+ Kf7 21.
Bc4 Bxc4 22. Rxc4 Rxa2 23. Nd8+ Rxd8 24. Nf3 Ra1+ 25. Bc1 Nf5 26. Rc7+ Kg6 27.
e4 Ne7 28. g4 Nc8 29. Nh4# 1-0

[Event "Challenge"]
[Site "http://www.queenalice.com/game.php?id=660414"]
[Date "2009.9.30"]
[Round "-"]
[White "ydlok"]
[Black "marcosoda"]
[Result "0-1"]
[WhiteElo "1225"]
[BlackElo "1181"]

1. e4 d5 2. Nc3 dxe4 3. Nxe4 f6 4. Bc4 e6 5. Nf3 f5 6. Neg5 Qd6 7. O-O h6 8. Nh3
Be7 9. Qe1 g5 10. Qe5 Bf6 11. Qxd6 cxd6 12. Ne1 g4 13. Nf4 d5 14. Bb3 Nc6 15.
Ba4 Ne7 16. b3 Bxa1 17. Bxc6+ bxc6 18. Ba3 Be5 19. Ned3 Bxf4 20. Nxf4 e5 21. Nd3
Ba6 22. Re1 Bxd3 23. cxd3 Ng6 24. d4 e4 25. d3 Nf4 26. dxe4 Nd3 27. Re3 dxe4 28.
g3 Rd8 29. Bc5 Nxc5 30. dxc5 Rd2 31. a4 O-O 32. Kg2 Rd1 33. b4 Ra1 34. a5 Rb8
35. Rb3 Rd8 36. h3 Rdd1 37. hxg4 fxg4 38. Re3 Rh1 39. f3 Rhe1 40. Rxe1 Rxe1 41.
fxe4 Rxe4 42. Kf2 Rxb4 43. a6 Ra4 44. Ke3 Rxa6 45. Kf4 h5 46. Kg5 Ra3 47. Kh4 a5
48. Kg5 Rxg3 49. Kxh5 Rg1 50. Kg5 g3 51. Kf5 g2 52. Ke5 Rd1 53. Ke6 g1=Q 54. Ke7
Qe1+ 55. Kf6 Qf1+ 56. Ke6 Qf7+ 57. Ke5 Qd5+ 58. Kf6 Rg1 59. Ke7 Rg6 60. Ke8 Re6#
0-1

[Event "Challenge"]
[Site "http://www.queenalice.com/game.php?id=661713"]
[Date "2009.10.2"]
[Round "-"]
[White "ydlok"]
[Black "marcosoda"]
[Result "0-1"]
[WhiteElo "1196"]
[BlackElo "1255"]

1. e4 e5 2. Bc4 Nf6 3. d3 d6 4. Bg5 Nc6 5. Bxf6 Qxf6 6. c3 Qg5 7. Qf3 f6 8. Nh3
Qc1+ 9. Qd1 Qxb2 10. Nd2 Qxc3 11. Qc1 Qxc1+ 12. Rxc1 Bxh3 13. O-O Bd7 14. Rb1
Na5 15. Bd5 c6 16. Bb3 b5 17. a4 g6 18. axb5 cxb5 19. Ba2 Bh6 20. Nf3 Bg4 21.
Ne1 Rb8 22. f3 Be3+ 23. Kh1 Bd7 24. Bd5 Rc8 25. Ra1 Bd2 26. g4 Bc6 27. Rxa5 Bxa5
28. Ng2 Bxd5 29. exd5 h5 30. Nh4 Rg8 31. Ra1 Bb6 32. Re1 Rc3 33. Rd1 g5 34. Nf5
hxg4 35. fxg4 Kd7 36. Nh6 Rh8 37. Nf5 Rc2 38. d4 Rhxh2+ 39. Kg1 Rcg2+ 40. Kf1
Rf2+ 41. Kg1 exd4 42. Nxd4 Bxd4 43. Rxd4 Rfg2+ 44. Kf1 Re2 45. Rd3 Rd2 46. Rxd2
Rxd2 47. Ke1 Rd4 48. Ke2 b4 49. Ke3 Rd1 50. Ke2 Rxd5 51. Ke3 b3 52. Ke4 Ke6 53.
Ke3 b2 54. Ke2 b1=Q 55. Kf3 Qf1+ 56. Ke3 Rd3+ 57. Ke4 Qe2# 0-1

[Event "Challenge"]
[Site "http://www.queenalice.com/game.php?id=664714"]
[Date "2009.10.8"]
[Round "-"]
[White "ydlok"]
[Black "marcosoda"]
[Result "1-0"]
[WhiteElo "1206"]
[BlackElo "1247"]

1. e4 e5 2. Nf3 d6 3. Bc4 Be6 4. Bxe6 fxe6 5. d3 h6 6. Nfd2 Qg5 7. O-O d5 8. Nb3
Qf6 9. Qf3 Qxf3 10. gxf3 Nf6 11. Nc3 c6 12. Na4 b6 13. d4 Nbd7 14. exd5 exd5 15.
Re1 Bd6 16. Bf4 b5 17. dxe5 Nxe5 18. Bxe5 bxa4 19. Bxf6+ Kf7 20. Bxg7 Kxg7 21.
Nd4 Rae8 22. Nf5+ Kf6 23. Nxd6 Rhg8+ 24. Kf1 Rxe1+ 25. Rxe1 Rb8 26. Ne8+ Kf7 27.
Nd6+ Kf8 28. b3 Rd8 29. Nb7 Re8 30. Rxe8+ Kxe8 31. bxa4 Kd7 32. f4 Kc7 33. f5
Kxb7 34. f6 Kc8 35. f7 Kd8 36. f8=Q+ Kd7 37. Qg7+ 1-0

[Event "Challenge"]
[Site "http://www.queenalice.com/game.php?id=670658"]
[Date "2009.10.22"]
[Round "-"]
[White "ydlok"]
[Black "marcosoda"]
[Result "1-0"]
[WhiteElo "1230"]
[BlackElo "1198"]

1. e4 e5 2. Bc4 Nh6 3. d3 g5 4. Qh5 Qf6 5. Bxg5 Qg6 6. Qxg6 fxg6 7. Bxh6 Bxh6 8.
Nf3 Nc6 9. Bd5 Nd4 10. Nxd4 exd4 11. Na3 d6 12. Nb5 Rf8 13. Nxc7+ 1-0

[Event "Challenge"]
[Site "http://www.queenalice.com/game.php?id=670697"]
[Date "2009.10.22"]
[Round "-"]
[White "ydlok"]
[Black "marcosoda"]
[Result "0-1"]
[WhiteElo "1250"]
[BlackElo "1189"]

1. e4 e5 2. Bc4 c6 3. Qf3 d5 4. exd5 Nf6 5. dxc6 Nxc6 6. Bb5 Bg4 7. Qc3 Qd5 8.
Bxc6+ bxc6 9. f3 Bf5 10. b3 Rb8 11. Ba3 e4 12. Bxf8 Rxf8 13. Qe3 Qe5 14. d4 Qa5+
15. c3 Ke7 16. Nd2 Nd5 17. Qg5+ Ke6 18. fxe4 Bxe4 19. Qe5+ Kd7 20. Qxe4 Qxc3 21.
Qf5+ Kc7 22. Qe5+ Kb7 23. Rc1 Qxc1+ 24. Ke2 Rfe8 25. Qxe8 Rxe8+ 26. Kd3 Re3# 0-1

[Event "Challenge"]
[Site "http://www.queenalice.com/game.php?id=672856"]
[Date "2009.10.26"]
[Round "-"]
[White "marcosoda"]
[Black "ydlok"]
[Result "0-1"]
[WhiteElo "1225"]
[BlackElo "1227"]

1. d4 d5 2. Bf4 Nf6 3. f3 e6 4. Bg5 c5 5. Bxf6 Qxf6 6. c3 cxd4 7. Qa4+ Bd7 8.
Qb3 dxc3 9. bxc3 b6 10. e4 Bc6 11. Bb5 a6 12. Bxc6+ Nxc6 13. Qxb6 Ne7 14. Ne2
dxe4 15. fxe4 Qe5 16. Ng3 f5 17. O-O f4 18. Ne2 f3 19. gxf3 Qb5 20. Qxe6 Qxe2
21. Rf2 Qe1+ 22. Rf1 Qe2 23. Na3 Qb2 24. Nc4 Qxc3 25. Rac1 Qd4+ 26. Rf2 Qf6 27.
Nd6+ Kd8 28. Nb7+ Ke8 29. Qg4 Qg6 30. Qxg6+ hxg6 31. Nd6+ Kd7 32. Rd1 Ke6 33.
Rc2 Rd8 34. Rc6 Nxc6 0-1

[Event "Challenge"]
[Site "http://www.queenalice.com/game.php?id=674170"]
[Date "2009.10.29"]
[Round "-"]
[White "ydlok"]
[Black "marcosoda"]
[Result "1/2-1/2"]
[WhiteElo "1246"]
[BlackElo "1235"]

1. e4 d6 2. Bc4 e6 3. Nf3 d5 4. exd5 exd5 5. Bb3 Bg4 6. Qe2+ Ne7 7. d4 Bxf3 8.
Qxf3 c6 9. Bg5 h6 10. Bxe7 Bxe7 11. c4 Bb4+ 12. Kd1 dxc4 13. Bxc4 Qxd4+ 14. Kc2
Qxc4+ 15. Nc3 Bxc3 16. bxc3 O-O 17. Rhe1 Nd7 18. Re4 Qc5 19. c4 Ne5 20. Qc3 Rfe8
21. Re3 Ng4 22. Rg3 Qxf2+ 23. Kb3 Ne5 24. Re1 f6 25. Rd1 Rad8 26. Rxd8 Rxd8 27.
h4 Qd4 28. h5 Qxc3+ 29. Kxc3 Rd3+ 30. Rxd3 Nxd3 31. Kxd3 g5 32. g4 f5 33. gxf5
g4 34. Ke2 b5 35. c5 a5 36. Kf2 a4 37. Kg3 Kf7 38. Kxg4 Kf6 39. Kf4 b4 40. Ke4
b3 41. axb3 axb3 42. Kd3 Kxf5 43. Kc3 Kg5 44. Kxb3 Kxh5 45. Kb4 Kg5 46. Ka5 h5
47. Kb6 h4 48. Kxc6 h3 49. Kd7 h2 50. c6 h1=Q 51. c7 Qd1+ 52. Kc6 Qg4 53. Kb7
Qd7 54. Kb8 Qb5+ 55. Kc8 Kf6 56. Kd8 Qd5+ 57. Ke8 Qa8+ 58. Kd7 Qa4+ 59. Kd6 Qg4
60. Kc6 Ke7 61. Kb7 Qb4+ 62. Kc6 Qd6+ 63. Kb7 Qb4+ 64. Kc6 Qe4+ 65. Kb6 Kd7 66.
c8=Q+ Kxc8 67. Kc5 Kc7 68. Kb5 Qc6+ 69. Kb4 Kb6 70. Kb3 Kb5 71. Kb2 Kb4 72. Ka2
Qc2+ 73. Ka1 Kb3 1/2-1/2

[Event "Challenge"]
[Site "http://www.queenalice.com/game.php?id=677493"]
[Date "2009.11.4"]
[Round "-"]
[White "ydlok"]
[Black "marcosoda"]
[Result "1-0"]
[WhiteElo "1245"]
[BlackElo "1236"]

1. e4 e5 2. Nf3 Nc6 3. Bb5 Qf6 4. Bxc6 dxc6 5. d4 exd4 6. Nxd4 Bc5 7. Nf3 Bg4 8.
Bg5 Bxf3 9. Bxf6 Bxd1 10. Bxg7 O-O-O 11. Bxh8 Nh6 12. Bg7 Ng4 13. Nd2 Bxf2+ 14.
Kxd1 Be3 15. Ke1 Rxd2 16. Rf1 Bf2+ 17. Kxd2 1-0

[Event "Challenge"]
[Site "http://www.queenalice.com/game.php?id=677890"]
[Date "2009.11.4"]
[Round "-"]
[White "ydlok"]
[Black "marcosoda"]
[Result "1-0"]
[WhiteElo "1262"]
[BlackElo "1214"]

1. e4 e6 2. e5 d5 3. exd6 Bxd6 4. d4 g6 5. Nf3 Nh6 6. Bxh6 b6 7. Bg5 f6 8. Bh6
g5 9. d5 Rg8 10. Bb5+ Bd7 11. Bxd7+ Qxd7 12. Qe2 e5 13. Nd4 a6 14. h4 c5 15.
dxc6 Nxc6 16. Nxc6 Qxc6 17. Qf3 Qxf3 18. gxf3 Rg6 19. hxg5 fxg5 20. Rh5 Be7 21.
Nc3 O-O-O 22. Rd1 Rdd6 23. Rxd6 Rxd6 24. Bg7 Rg6 25. Bxe5 Re6 26. f4 gxf4 27.
Kf1 Rxe5 28. Rxe5 Bc5 29. f3 Bd4 30. Re8+ Kd7 31. Rh8 Bxc3 32. Rxh7+ Ke6 33.
bxc3 1-0

[Event "Challenge"]
[Site "http://www.queenalice.com/game.php?id=678490"]
[Date "2009.11.6"]
[Round "-"]
[White "ydlok"]
[Black "marcosoda"]
[Result "0-1"]
[WhiteElo "1277"]
[BlackElo "1172"]

1. e4 e5 2. Bc4 d6 3. Qf3 Be6 4. Bxe6 fxe6 5. d3 d5 6. exd5 exd5 7. Qh5+ Kd7 8.
Qxe5 Nc6 9. Qxd5+ Ke7 10. Qxd8+ Rxd8 11. Bg5+ Nf6 12. Bxf6+ gxf6 13. Nf3 Rg8 14.
O-O Ke6 15. Re1+ Kf5 16. Re4 Nb4 17. Nd4+ Rxd4 18. Rxd4 Nxc2 19. Rd5+ Ke6 20.
Rd8 Nxa1 21. Na3 Ke7 22. Rc8 Kd7 23. Rb8 Bxa3 24. Rxg8 Bxb2 25. Rg7+ Kd6 26.
Rxh7 Be5 27. Rh4 Nc2 28. f4 Bd4+ 29. Kf1 Ne3+ 30. Kf2 Nf5+ 31. Kf3 Nxh4+ 32. Ke4
Bc5 33. g3 Ng2 34. d4 Bb4 35. g4 Bd2 36. f5 b5 37. Kf3 Nf4 38. g5 fxg5 39. f6
Kd5 40. Kg4 Ne6 41. Kf5 Nxd4+ 42. Kg6 c5 43. f7 Ne6 44. Kf5 c4 45. Kg6 c3 46.
Kf6 c2 47. Ke7 Bb4+ 48. Ke8 c1=Q 49. h3 Qc8# 0-1

[Event "Challenge"]
[Site "http://www.queenalice.com/game.php?id=682244"]
[Date "2009.11.13"]
[Round "-"]
[White "marcosoda"]
[Black "ydlok"]
[Result "0-1"]
[WhiteElo "1196"]
[BlackElo "1257"]

1. e4 e5 2. d3 Bc5 3. Qg4 Qf6 4. Nh3 h5 5. Qg5 d6 6. Qxf6 Nxf6 7. Be2 Bxh3 8.
gxh3 O-O 9. Bg5 Nh7 10. Bh4 g5 11. Bg3 h4 12. Bxh4 gxh4 13. Rg1+ Kh8 14. Rg4 Rg8
15. Rxh4 Rg1+ 16. Bf1 Rh1 17. Nc3 Rxh2 18. O-O-O Rxf2 19. Rg4 Nc6 20. Nd5 Rg8
21. Rh4 Bb6 22. b4 Nd4 23. Rd2 Rxd2 24. Kxd2 Nf3+ 25. Ke2 Nxh4 26. Nxb6 axb6 27.
c4 c5 28. bxc5 bxc5 29. Bg2 Rxg2+ 0-1

[Event "Challenge"]
[Site "http://www.queenalice.com/game.php?id=687861"]
[Date "2009.11.24"]
[Round "-"]
[White "ydlok"]
[Black "marcosoda"]
[Result "1-0"]
[WhiteElo "1283"]
[BlackElo "1174"]

1. e4 c6 2. Bc4 Nf6 3. Qf3 d5 4. exd5 Bg4 5. Qb3 b5 6. Be2 cxd5 7. Qxb5+ Nbd7 8.
Bxg4 Nxg4 9. Qxd5 e6 10. Qf3 Nde5 11. Qf4 Bc5 12. Qa4+ Ke7 13. Nf3 Bxf2+ 14. Ke2
Bb6 15. Nxe5 Nxe5 16. Qb4+ Kd7 17. Qb5+ Nc6 18. Qd3+ Nd4+ 19. Kd1 Qf6 20. Rf1
Qe7 21. c3 Qd6 22. cxd4 Rac8 23. Rxf7+ Ke8 24. Rxg7 Qc6 25. Nc3 Qa4+ 26. Nxa4
Rxc1+ 27. Rxc1 1-0

[Event "Challenge"]
[Site "http://www.queenalice.com/game.php?id=688367"]
[Date "2009.11.25"]
[Round "-"]
[White "ydlok"]
[Black "marcosoda"]
[Result "1-0"]
[WhiteElo "1297"]
[BlackElo "1162"]

1. e4 e5 2. Bc4 Nf6 3. d3 d5 4. Bxd5 Nxd5 5. exd5 Qxd5 6. Qf3 Qa5+ 7. Bd2 Qb5 8.
b3 Qc6 9. Qxc6+ Nxc6 10. Nf3 Bb4 11. Bxb4 Nxb4 12. Na3 f6 13. O-O Bg4 14. Nd2
Be6 15. Ne4 O-O-O 16. Nc5 Rhe8 17. Rfd1 Rd5 18. c3 Nc6 19. b4 e4 20. dxe4 Rxd1+
21. Rxd1 Bxa2 22. f4 b6 23. b5 Na5 24. Na4 Rxe4 25. Rd4 Re1+ 26. Kf2 Rc1 27. Ke3
c5 28. Rd2 Bb3 29. Nb2 Rxc3+ 30. Ke4 Nc4 31. Nbxc4 Bxc4 32. Nxc4 Rxc4+ 33. Kd5
Rd4+ 34. Rxd4 cxd4 35. Kxd4 Kd7 36. Kd5 h5 37. h4 Ke7 38. f5 Kf7 39. Kc6 g6 40.
Kb7 gxf5 41. Kxa7 Ke7 42. Kxb6 Kd8 43. Kc6 Kc8 44. b6 Kb8 45. b7 f4 46. Kb6 f5
47. Kc6 f3 48. gxf3 f4 49. Kd5 Kxb7 50. Ke5 Kc7 51. Kxf4 1-0

[Event "Challenge"]
[Site "http://www.queenalice.com/game.php?id=693124"]
[Date "2009.12.4"]
[Round "-"]
[White "ydlok"]
[Black "marcosoda"]
[Result "0-1"]
[WhiteElo "1308"]
[BlackElo "1181"]

1. e4 g6 2. Bc4 e6 3. Nf3 Bg7 4. d4 Nc6 5. e5 d5 6. exd6 cxd6 7. d5 Na5 8. Bb5+
Bd7 9. Bxd7+ Qxd7 10. Qe2 Ne7 11. dxe6 Qxe6 12. Qxe6 fxe6 13. O-O O-O 14. Bd2
Bxb2 15. Bxa5 Bxa1 16. c3 Rf5 17. Nbd2 Rxa5 18. Rxa1 Nd5 19. c4 Nc3 20. a3 d5
21. cxd5 Rxd5 22. h3 Rad8 23. Rc1 Ne2+ 24. Kf1 Nxc1 25. g4 Rxd2 26. Nxd2 Rxd2
27. Ke1 Rd3 28. h4 Rxa3 29. Kd2 Nd3 30. f3 b5 31. Ke3 b4 32. f4 Ne1+ 33. Ke4 b3
34. Ke5 Ra4 35. h5 b2 36. hxg6 hxg6 37. g5 b1=Q 38. Kxe6 Rd4 39. Kf6 Qf5+ 40.
Ke7 Qf7# 0-1

[Event "Challenge"]
[Site "http://www.queenalice.com/game.php?id=698203"]
[Date "2009.12.15"]
[Round "-"]
[White "marcosoda"]
[Black "ydlok"]
[Result "0-1"]
[WhiteElo "1200"]
[BlackElo "1287"]

1. e4 e5 2. Nf3 Qf6 3. Be2 Bc5 4. O-O d6 5. d3 Bg4 6. Bg5 Qg6 7. Bh4 Bxf3 8.
Bxf3 Qh6 9. g3 Nf6 10. Bxf6 Qxf6 11. Nc3 Bd4 12. Nd5 Qd8 13. c3 c6 14. Nb4 Bc5
15. Nc2 O-O 16. b4 Bb6 17. d4 exd4 18. cxd4 c5 19. dxc5 dxc5 20. Qb1 Na6 21. Rd1
Qe7 22. bxc5 Nxc5 23. Qb4 Rad8 24. Ne3 Rxd1+ 25. Rxd1 Qf6 26. Be2 a5 27. Qb3
Nxb3 28. Nd5 Qxf2+ 29. Kh1 Nd2 30. Rxd2 Qg1# 0-1

[Event "Challenge"]
[Site "http://www.queenalice.com/game.php?id=700018"]
[Date "2009.12.18"]
[Round "-"]
[White "ydlok"]
[Black "marcosoda"]
[Result "1-0"]
[WhiteElo "1300"]
[BlackElo "1187"]

1. e4 e5 2. Bc4 Nf6 3. Qf3 d5 4. exd5 e4 5. Qg3 Bd6 6. Qxg7 Ke7 7. d4 Nh5 8.
Qg5+ f6 9. Qxh5 Qg8 10. g3 Qg5 11. Bxg5 Kf8 12. Bxf6 Bxg3 13. Bxh8 Bxf2+ 14.
Kxf2 1-0